Upravlenije socialističeskim proizvodstvom upravlenije i effektivnost' krugooborota proizvodstvennych fondov

Salvato in:
Dettagli Bibliografici
Natura: Libro
Lingua:russo
Pubblicazione: Moskva Mysl' 1979
Tags: Aggiungi Tag
Nessun Tag, puoi essere il primo ad aggiungerne!!

MARC

LEADER 00000nam a2200000 4500
001 c142240
005 20041019155324.3
041 0 |a rus 
044 |a RU 
245 1 0 |a Upravlenije socialističeskim proizvodstvom  |b upravlenije i effektivnost' krugooborota proizvodstvennych fondov 
264 1 |a Moskva  |b Mysl'  |c 1979 
300 |a 234 s.